| 000 | 00815nam a22001577a 4500 | ||
|---|---|---|---|
| 003 | OSt | ||
| 005 | 20210202142630.0 | ||
| 008 | 150922b xxu||||| |||| 00| 0 eng d | ||
| 040 | _cRUA | ||
| 082 | _aAGR SOY 2007 B035 Or.1 | ||
| 100 |
_91137 _aSOY BONA |
||
| 245 | _aEffect of rice husk charcoal with diffrent fertilizer on rice senpidor variety on crop station of royal university of agriculture,(ប្រសិទ្ធភាពធ្យូងអង្គាមលាមកជាមួយប្រភេទជីផ្សេងៗលើពូជស្រូវសែនពិដោរនៅស្ថានីយ៍ដំណាំនៃសាកលវិទ្យាល័យភូមិន្ទកសិកម្ម) | ||
| 260 |
_aphnom penh _bRUA _c2007 |
||
| 300 |
_axvii,82p. _cill. _g29cm. |
||
| 942 |
_2ddc _cAGR |
||
| 999 |
_c1087 _d1087 |
||